El nuevo paisaje sonoro: un manual para el maestro de música moderno
Guardat en:
| Autor principal: | |
|---|---|
| Format: | Llibre |
| Idioma: | espanyol |
| Publicat: |
Buenos Aires
Ricordi
1969
|
| Matèries: | |
| Etiquetes: |
Afegir etiqueta
Sense etiquetes, Sigues el primer a etiquetar aquest registre!
|
MARC
| LEADER | 00000nam a2200000 a 4500 | ||
|---|---|---|---|
| 001 | UCI3265 | ||
| 003 | CL-VaPUC | ||
| 005 | 20231020113155.0 | ||
| 008 | 071019e19690000AG |||||||||||||||||spa|d | ||
| 999 | |c 327574 |d 327572 | ||
| 020 | |a 9502202422 | ||
| 040 | |c Pontificia Universidad Católica de Valparaíso | ||
| 082 | 0 | 4 | |a 780.9 SCH 1969 |2 21 |
| 100 | |a Schafer, R. Murray |e autor |9 439594 | ||
| 245 | 1 | 3 | |a El nuevo paisaje sonoro: un manual para el maestro de música moderno |
| 260 | |a Buenos Aires |b Ricordi |c 1969 | ||
| 300 | |a 93 p | ||
| 583 | |a last modification |c 20071019 00:00:00 |k Rodrigo Vera | ||
| 650 | 0 | |a Música contemporánea |9 306742 | |
| 650 | 0 | |a Música moderna |2 CL-VaPUC |9 349683 | |
| 942 | |c BK |2 ddc | ||
| 945 | |d 20071019 00:00:00 |a jtorresc | ||
| 952 | |0 0 |1 0 |2 ddc |4 0 |6 780_900000000000000_SCH_1969 |7 0 |8 A |9 410584 |a BIBEDU |b BIBEDU |d 2019-11-22 |i 4381343 |o 780.9 SCH 1969 |p 4381343 |r 2023-01-12 |w 2019-11-22 |y BK |k MUS | ||